<?xml version="1.0" encoding="UTF-8"?>
<record
    xmlns:xsi="http://www.w3.org/2001/XMLSchema-instance"
    xsi:schemaLocation="http://www.loc.gov/MARC21/slim http://www.loc.gov/standards/marcxml/schema/MARC21slim.xsd"
    xmlns="http://www.loc.gov/MARC21/slim">

  <leader>00722nam a2200169Ia 4500</leader>
  <controlfield tag="008">090711s9999    xx            000 0 und d</controlfield>
  <datafield tag="082" ind1=" " ind2=" ">
    <subfield code="b">73384</subfield>
  </datafield>
  <datafield tag="100" ind1=" " ind2=" ">
    <subfield code="a">&#x938;&#x939;&#x938;&#x94D;&#x924;&#x94D;&#x930;&#x92C;&#x941;&#x926;&#x94D;&#x927;&#x947; &#x935;&#x93F;. &#x928;&#x940;. / &#x917;&#x93E;&#x935;&#x921;&#x947; &#x92A;&#x94D;&#x930;. &#x932;.</subfield>
  </datafield>
  <datafield tag="245" ind1=" " ind2=" ">
    <subfield code="a">&#x906;&#x927;&#x93E;&#x930;&#x935;&#x921; &#x938;&#x939;&#x938;&#x94D;&#x924;&#x94D;&#x930;&#x93E;&#x902;S&#x93E;&#x93E;</subfield>
  </datafield>
  <datafield tag="260" ind1=" " ind2=" ">
    <subfield code="c">1994</subfield>
  </datafield>
  <datafield tag="300" ind1=" " ind2=" ">
    <subfield code="a">226</subfield>
  </datafield>
  <datafield tag="600" ind1=" " ind2=" ">
    <subfield code="a">&#x938;&#x939;&#x938;&#x94D;&#x924;&#x94D;&#x930;&#x92C;&#x941;&#x926;&#x94D;&#x927;&#x947; &#x935;&#x93F;. &#x928;&#x940;. / &#x917;&#x93E;&#x935;&#x921;&#x947; &#x92A;&#x94D;&#x930;. &#x932;.</subfield>
  </datafield>
  <datafield tag="630" ind1=" " ind2=" ">
    <subfield code="a">&#x906;&#x927;&#x93E;&#x930;&#x935;&#x921; &#x938;&#x939;&#x938;&#x94D;&#x924;&#x94D;&#x930;&#x93E;&#x902;S&#x93E;&#x93E;</subfield>
  </datafield>
  <datafield tag="700" ind1=" " ind2=" ">
    <subfield code="a">&#x938;&#x939;&#x938;&#x94D;&#x924;&#x94D;&#x930;&#x92C;&#x941;&#x926;&#x94D;&#x927;&#x947; &#x935;&#x93F;. &#x928;&#x940;. / &#x917;&#x93E;&#x935;&#x921;&#x947; &#x92A;&#x94D;&#x930;. &#x932;.</subfield>
  </datafield>
  <datafield tag="730" ind1=" " ind2=" ">
    <subfield code="a">&#x906;&#x927;&#x93E;&#x930;&#x935;&#x921; &#x938;&#x939;&#x938;&#x94D;&#x924;&#x94D;&#x930;&#x93E;&#x902;S&#x93E;&#x93E;</subfield>
  </datafield>
  <datafield tag="942" ind1=" " ind2=" ">
    <subfield code="c">BOOK</subfield>
  </datafield>
  <datafield tag="999" ind1=" " ind2=" ">
    <subfield code="c">332380</subfield>
    <subfield code="d">332380</subfield>
  </datafield>
  <datafield tag="952" ind1=" " ind2=" ">
    <subfield code="0">0</subfield>
    <subfield code="1">0</subfield>
    <subfield code="4">0</subfield>
    <subfield code="7">0</subfield>
    <subfield code="a">DASAVA</subfield>
    <subfield code="b">DASAVA</subfield>
    <subfield code="d">2009-07-11</subfield>
    <subfield code="g">75.00</subfield>
    <subfield code="l">0</subfield>
    <subfield code="o">73384</subfield>
    <subfield code="p">DASAVA-73384</subfield>
    <subfield code="r">2009-07-11 00:00:00</subfield>
    <subfield code="v">75.00</subfield>
    <subfield code="w">2009-07-11</subfield>
    <subfield code="y">BOOK</subfield>
  </datafield>
</record>
